Education , Media & Law Practices During The COVID Pandemic / (Record no. 210693)
[ view plain ]
| 000 -LEADER | |
|---|---|
| fixed length control field | 00977nam a22002297a 4500 |
| 005 - DATE AND TIME OF LATEST TRANSACTION | |
| control field | 20250402164116.0 |
| 010 ## - LCCN (DPL NO) | |
| LC control number | ENG-144426 |
| 020 ## - INTERNATIONAL STANDARD BOOK NUMBER | |
| International Standard Book Number | 9788194254744 |
| Terms of availability | 400.00p. |
| 035 ## - SYSTEM CONTROL NUMBER | |
| System control number | EN-127958 |
| 037 ## - SOURCE OF ACQUISITION | |
| Source of stock number/acquisition | DBAD |
| 082 ## - DEWEY DECIMAL CLASSIFICATION NUMBER | |
| Classification number | 362.1962414 |
| Edition number | 1st |
| 245 ## - TITLE STATEMENT | |
| Title | Education , Media & Law Practices During The COVID Pandemic / |
| Statement of responsibility, etc | Ravi Kumar Gupta ...[et.al] |
| Medium | English |
| 250 ## - EDITION STATEMENT | |
| Edition statement | 1st |
| 260 ## - PUBLICATION, DISTRIBUTION, ETC. (IMPRINT) | |
| Place of publication, distribution, etc | New Delhi Rohini |
| Name of publisher, distributor, etc | Maharaja Agrasen University Publication |
| Date of publication, distribution, etc | 2020 |
| 270 ## - ADDRESS | |
| Address | Maharaja Agrasen Technical Education Society (Regd.) PSP Area , Maharaja Agrasen Chowk, |
| -- | Sec -22, Rohini , New Delhi |
| City | New Delhi |
| Postal code | 110086 |
| Telephone number | 8448186935 |
| Fax number | 91-11-27582095 |
| Electronic mail address | mait@mait.ac.in |
| 300 ## - PHYSICAL DESCRIPTION | |
| Extent | 350p |
| Dimensions | 27cm(pb) |
| Other physical details | Illustration |
| 700 ## - ADDED ENTRY--PERSONAL NAME | |
| 9 (RLIN) | 79478 |
| Personal name | Gupta , Kumar Ravi |
| Relator term | Editor |
| 700 ## - ADDED ENTRY--PERSONAL NAME | |
| Personal name | Mangla, Kumar Sanjay |
| Relator term | Editor |
| 9 (RLIN) | 80153 |
| 700 ## - ADDED ENTRY--PERSONAL NAME | |
| Personal name | Parthak , chandra Umesh |
| Relator term | Editor |
| 9 (RLIN) | 80154 |
| 700 ## - ADDED ENTRY--PERSONAL NAME | |
| Personal name | Gupta , Sakshi |
| Relator term | Editor |
| 9 (RLIN) | 80155 |
| 942 ## - ADDED ENTRY ELEMENTS (KOHA) | |
| Source of classification or shelving scheme | Dewey Decimal Classification |
| Item type | English Books |
| Call number suffix | EDU |
| Classification part | 362.1962414 |
| Edition | 1st |
| Withdrawn status | Lost status | Not for loan | Collection code | Home library | Current library | Date acquired | Source of acquisition | Cost, normal purchase price | Full call number | Barcode | Copy number | Cost, replacement price | Koha item type |
|---|---|---|---|---|---|---|---|---|---|---|---|---|---|
| Non-fiction | Ashok Vihar | Ashok Vihar | 02/04/2025 | DBAD | 400.00 | EDU 362.1962414 | EN-127958 | 1st | 400.00 | English Books |
